[Event "EYCC 2024 - O16"]
[Site "?"]
[Date "2024.08.28"]
[Round "6.1"]
[White "Ljepic, Andrej"]
[Black "Salonen, Aku"]
[Result "1-0"]
[BlackElo "2171"]
[WhiteElo "2275"]
[LiveChessVersion "1.4.8"]

1. e4 {[%clk 1:30:56]} c5 {[%clk 1:30:48]} 2. c3 {[%clk 1:31:22]} Nf6
{[%clk 1:31:00]} 3. e5 {[%clk 1:31:48]} Nd5 {[%clk 1:31:19]} 4. g3
{[%clk 1:32:15]} d6 {[%clk 1:28:22]} 5. exd6 {[%clk 1:31:13]} e6 {[%clk 1:28:29]}
6. Bg2 {[%clk 1:31:39]} Bxd6 {[%clk 1:28:28]} 7. Nf3 {[%clk 1:32:02]} O-O
{[%clk 1:28:19]} 8. O-O {[%clk 1:32:24]} Nc6 {[%clk 1:24:05]} 9. d4
{[%clk 1:32:50]} cxd4 {[%clk 1:24:29]} 10. Nxd4 {[%clk 1:33:12]} Nxd4
{[%clk 1:24:36]} 11. Qxd4 {[%clk 1:33:29]} Qc7 {[%clk 1:24:58]} 12. Nd2
{[%clk 1:28:13]} Rd8 {[%clk 1:20:46]} 13. Qc4 {[%clk 1:22:02]} Bc5
{[%clk 1:18:09]} 14. Qe2 {[%clk 1:15:24]} e5 {[%clk 1:06:06]} 15. Nb3
{[%clk 1:13:16]} Bf8 {[%clk 1:00:00]} 16. c4 {[%clk 1:00:06]} Nb6
{[%clk 0:57:21]} 17. Bg5 {[%clk 0:58:59]} f6 {[%clk 0:57:05]} 18. c5
{[%clk 0:59:20]} Nd5 {[%clk 0:55:31]} 19. Bd2 {[%clk 0:58:33]} Be6
{[%clk 0:54:21]} 20. Rac1 {[%clk 0:58:02]} Re8 {[%clk 0:37:31]} 21. Rfd1
{[%clk 0:47:29]} Qf7 {[%clk 0:34:42]} 22. Be1 {[%clk 0:41:36]} Rac8
{[%clk 0:31:06]} 23. Qb5 {[%clk 0:35:13]} a6 {[%clk 0:24:47]} 24. Qe2
{[%clk 0:32:10]} Red8 {[%clk 0:16:06]} 25. Ba5 {[%clk 0:27:35]} Rd7
{[%clk 0:15:37]} 26. c6 {[%clk 0:26:52]} Rxc6 {[%clk 0:14:35]} 27. Rxc6
{[%clk 0:27:11]} bxc6 {[%clk 0:15:04]} 28. Rc1 {[%clk 0:24:02]} Nb4
{[%clk 0:10:39]} 29. Nc5 {[%clk 0:18:24]} Nxa2 {[%clk 0:09:53]} 30. Rc2
{[%clk 0:18:49]} Bxc5 {[%clk 0:07:45]} 31. Rxc5 {[%clk 0:19:14]} Bd5
{[%clk 0:04:59]} 32. Qxa6 {[%clk 0:17:32]} h6 {[%clk 0:02:25]} 33. Bf1
{[%clk 0:14:29]} e4 {[%clk 0:02:22]} 34. b4 {[%clk 0:13:25]} e3 {[%clk 0:01:05]}
35. fxe3 {[%clk 0:12:31]} Qe6 {[%clk 0:01:00]} 36. Qe2 {[%clk 0:12:47]} Rb7
{[%clk 0:00:34]} 37. e4 {[%clk 0:11:47]} Bxe4 {[%clk 0:00:34]} 38. Bg2
{[%clk 0:11:59]} Re7 {[%clk 0:00:36]} 39. Bxe4 {[%clk 0:12:08]} f5
{[%clk 0:00:46]} 40. Rxc6 {[%clk 0:09:19]} Qf7 {[%clk 0:01:15]} 41. Rc8+
{[%clk 0:09:25]} Kh7 {[%clk 0:01:40]} 42. Bd5 {[%clk 0:08:45]} Qf6
{[%clk 0:00:56]} 43. Qxa2 {[%clk 0:08:53]} Qd4+ {[%clk 0:01:09]} 44. Kg2
{[%clk 0:09:07]} Qd1 {[%clk 0:00:42]} 45. Bf3 {[%clk 0:08:33]} 1-0

[Event "EYCC 2024 - O16"]
[Site "?"]
[Date "2024.08.28"]
[Round "6.2"]
[White "Krawczyk, Flawian"]
[Black "Kassios, Dimitrios"]
[Result "1-0"]
[BlackElo "2116"]
[WhiteElo "2263"]
[LiveChessVersion "1.4.8"]

1. e4 {[%clk 1:30:55]} e5 {[%clk 1:30:57]} 2. Nf3 {[%clk 1:31:13]} Nc6
{[%clk 1:31:24]} 3. Bb5 {[%clk 1:31:33]} a6 {[%clk 1:31:52]} 4. Ba4
{[%clk 1:31:56]} Nf6 {[%clk 1:32:19]} 5. O-O {[%clk 1:31:55]} b5 {[%clk 1:32:45]}
6. Bb3 {[%clk 1:32:17]} Bc5 {[%clk 1:33:09]} 7. d3 {[%clk 1:24:36]} d6
{[%clk 1:33:32]} 8. c3 {[%clk 1:23:51]} Bb6 {[%clk 1:33:28]} 9. a4
{[%clk 1:22:46]} Rb8 {[%clk 1:33:22]} 10. Na3 {[%clk 1:16:43]} O-O
{[%clk 1:20:11]} 11. axb5 {[%clk 1:15:32]} axb5 {[%clk 1:20:37]} 12. Nxb5
{[%clk 1:13:50]} Bc5 {[%clk 1:17:12]} 13. Bc4 {[%clk 1:07:41]} d5
{[%clk 1:16:25]} 14. exd5 {[%clk 1:07:51]} Nxd5 {[%clk 1:16:49]} 15. d4
{[%clk 0:55:06]} exd4 {[%clk 1:16:07]} 16. Nbxd4 {[%clk 0:54:18]} Bxd4
{[%clk 1:13:12]} 17. Nxd4 {[%clk 0:54:33]} Ne5 {[%clk 1:13:29]} 18. Be2
{[%clk 0:50:19]} c5 {[%clk 1:04:00]} 19. Nb3 {[%clk 0:48:53]} Bf5
{[%clk 0:51:04]} 20. Nxc5 {[%clk 0:47:51]} Qd6 {[%clk 0:49:17]} 21. Nb3
{[%clk 0:47:25]} Rfd8 {[%clk 0:46:57]} 22. Nd4 {[%clk 0:47:04]} Bg6
{[%clk 0:47:23]} 23. f4 {[%clk 0:47:05]} Nc6 {[%clk 0:45:44]} 24. f5
{[%clk 0:46:47]} Nxd4 {[%clk 0:45:39]} 25. cxd4 {[%clk 0:46:35]} 1-0

[Event "EYCC 2024 - O16"]
[Site "?"]
[Date "2024.08.28"]
[Round "6.3"]
[White "Hajialiyev, Islam"]
[Black "Prazak, Daniel"]
[Result "0-1"]
[BlackElo "2261"]
[WhiteElo "2173"]
[LiveChessVersion "1.4.8"]

1. Nf3 {[%clk 1:30:59]} d5 {[%clk 1:30:36]} 2. g3 {[%clk 1:31:27]} c6
{[%clk 1:30:45]} 3. Bg2 {[%clk 1:31:52]} Bf5 {[%clk 1:30:48]} 4. d4
{[%clk 1:32:15]} h6 {[%clk 1:30:09]} 5. O-O {[%clk 1:32:35]} e6 {[%clk 1:30:05]}
6. c4 {[%clk 1:32:48]} Nf6 {[%clk 1:29:55]} 7. Nc3 {[%clk 1:33:09]} Be7
{[%clk 1:29:42]} 8. Nd2 {[%clk 1:33:05]} O-O {[%clk 1:29:08]} 9. e4
{[%clk 1:32:15]} dxe4 {[%clk 1:28:52]} 10. Ndxe4 {[%clk 1:32:43]} Nbd7
{[%clk 1:28:06]} 11. Be3 {[%clk 1:32:22]} Nxe4 {[%clk 1:27:34]} 12. Nxe4
{[%clk 1:32:50]} Nf6 {[%clk 1:27:39]} 13. Nc3 {[%clk 1:33:15]} Qb6
{[%clk 1:23:17]} 14. Qe2 {[%clk 1:25:19]} Ng4 {[%clk 1:18:50]} 15. c5
{[%clk 1:21:15]} Qb4 {[%clk 1:15:00]} 16. a3 {[%clk 1:20:29]} Qb3
{[%clk 1:14:22]} 17. Bf4 {[%clk 1:20:28]} Rad8 {[%clk 1:09:26]} 18. h3
{[%clk 1:17:13]} Nf6 {[%clk 1:08:11]} 19. Rad1 {[%clk 1:14:56]} Rfe8
{[%clk 1:06:23]} 20. Rfe1 {[%clk 1:14:52]} Nd5 {[%clk 0:55:28]} 21. Nxd5
{[%clk 1:13:46]} exd5 {[%clk 0:54:32]} 22. Qd2 {[%clk 1:10:32]} Bf6
{[%clk 0:52:57]} 23. Be3 {[%clk 1:06:19]} Re7 {[%clk 0:47:05]} 24. Rc1
{[%clk 1:05:11]} Rde8 {[%clk 0:45:30]} 25. Rc3 {[%clk 0:51:31]} Qa4
{[%clk 0:42:30]} 26. Rec1 {[%clk 0:51:04]} Qa5 {[%clk 0:37:38]} 27. b4
{[%clk 0:47:10]} Qd8 {[%clk 0:35:56]} 28. Bf1 {[%clk 0:45:55]} Qd7
{[%clk 0:34:17]} 29. Kh2 {[%clk 0:44:32]} Be4 {[%clk 0:32:19]} 30. Re1
{[%clk 0:31:06]} Bf3 {[%clk 0:28:52]} 31. Rcc1 {[%clk 0:23:07]} Qf5
{[%clk 0:25:17]} 32. a4 {[%clk 0:21:31]} Be4 {[%clk 0:22:16]} 33. Be2
{[%clk 0:21:52]} Bg5 {[%clk 0:20:25]} 34. Bg4 {[%clk 0:20:38]} Qg6
{[%clk 0:19:59]} 35. Bxg5 {[%clk 0:19:53]} hxg5 {[%clk 0:19:43]} 36. Rc3
{[%clk 0:19:02]} f5 {[%clk 0:18:40]} 37. Bd1 {[%clk 0:18:37]} g4 {[%clk 0:18:34]}
38. h4 {[%clk 0:11:41]} Qh5 {[%clk 0:18:17]} 39. f3 {[%clk 0:10:11]} Bxf3
{[%clk 0:16:54]} 40. Rxe7 {[%clk 0:10:28]} Rxe7 {[%clk 0:17:16]} 41. Bxf3
{[%clk 0:10:29]} gxf3 {[%clk 0:17:20]} 42. Qf4 {[%clk 0:10:19]} Qg4
{[%clk 0:12:12]} 43. Qxf3 {[%clk 0:09:55]} Re2+ {[%clk 0:12:16]} 44. Kh1
{[%clk 0:09:50]} Qh3+ {[%clk 0:12:40]} 45. Kg1 {[%clk 0:10:20]} Re1+
{[%clk 0:13:02]} 46. Kf2 {[%clk 0:10:44]} Qf1# {[%clk 0:13:24]} 0-1

[Event "EYCC 2024 - O16"]
[Site "?"]
[Date "2024.08.28"]
[Round "6.4"]
[White "Zielonka, Adam"]
[Black "Artemov, Andriy"]
[Result "1-0"]
[BlackElo "2096"]
[WhiteElo "2253"]
[LiveChessVersion "1.4.8"]

1. d4 {[%clk 1:30:52]} Nf6 {[%clk 1:29:58]} 2. Nc3 {[%clk 1:31:05]} d5
{[%clk 1:29:33]} 3. Bf4 {[%clk 1:31:13]} c6 {[%clk 1:27:10]} 4. e3
{[%clk 1:31:23]} g6 {[%clk 1:26:44]} 5. Be2 {[%clk 1:31:33]} Qb6 {[%clk 1:26:16]}
6. Qd2 {[%clk 1:25:44]} Bg7 {[%clk 1:22:22]} 7. Nf3 {[%clk 1:20:52]} O-O
{[%clk 1:21:34]} 8. O-O-O {[%clk 1:18:36]} a5 {[%clk 1:13:46]} 9. Ne5
{[%clk 1:16:12]} Nfd7 {[%clk 1:08:38]} 10. h4 {[%clk 1:09:44]} Nxe5
{[%clk 1:05:45]} 11. Bxe5 {[%clk 1:08:21]} Bxe5 {[%clk 1:00:55]} 12. dxe5
{[%clk 1:08:48]} Nd7 {[%clk 0:53:01]} 13. f4 {[%clk 1:08:08]} f6 {[%clk 0:47:22]}
14. h5 {[%clk 1:05:42]} g5 {[%clk 0:40:41]} 15. exf6 {[%clk 0:59:57]} gxf4
{[%clk 0:39:05]} 16. fxe7 {[%clk 0:59:13]} Re8 {[%clk 0:39:28]} 17. exf4
{[%clk 0:58:17]} Rxe7 {[%clk 0:38:52]} 18. g4 {[%clk 0:51:46]} Qe3
{[%clk 0:38:30]} 19. Bd3 {[%clk 0:47:43]} Nf6 {[%clk 0:37:58]} 20. g5
{[%clk 0:46:55]} Ng4 {[%clk 0:37:30]} 21. Rde1 {[%clk 0:45:29]} Qxd2+
{[%clk 0:35:25]} 22. Kxd2 {[%clk 0:45:57]} 1-0

[Event "EYCC 2024 - O16"]
[Site "?"]
[Date "2024.08.28"]
[Round "6.5"]
[White "Nemec, Jachym"]
[Black "Menahem, Adi"]
[Result "1/2-1/2"]
[BlackElo "2174"]
[WhiteElo "2414"]
[LiveChessVersion "1.4.8"]

1. d4 {[%clk 1:30:59]} Nf6 {[%clk 1:30:55]} 2. c4 {[%clk 1:31:23]} e6
{[%clk 1:31:20]} 3. Nc3 {[%clk 1:31:40]} Bb4 {[%clk 1:31:30]} 4. e3
{[%clk 1:31:45]} b6 {[%clk 1:31:42]} 5. Nge2 {[%clk 1:31:50]} Ne4
{[%clk 1:31:32]} 6. Bd2 {[%clk 1:32:05]} Nxd2 {[%clk 1:31:12]} 7. Qxd2
{[%clk 1:31:26]} Bb7 {[%clk 1:30:35]} 8. a3 {[%clk 1:31:51]} Be7 {[%clk 1:30:10]}
9. d5 {[%clk 1:31:48]} O-O {[%clk 1:27:18]} 10. O-O-O {[%clk 1:28:31]} d6
{[%clk 1:22:07]} 11. dxe6 {[%clk 1:22:18]} fxe6 {[%clk 1:22:26]} 12. Nf4
{[%clk 1:19:53]} Qd7 {[%clk 1:20:37]} 13. Bd3 {[%clk 1:15:57]} Bg5
{[%clk 1:11:57]} 14. Qc2 {[%clk 1:13:47]} g6 {[%clk 1:07:18]} 15. Be4
{[%clk 1:08:00]} Bc6 {[%clk 0:59:04]} 16. g3 {[%clk 1:03:58]} Bf6
{[%clk 0:43:56]} 17. Bxc6 {[%clk 0:56:40]} Nxc6 {[%clk 0:43:53]} 18. Ne4
{[%clk 0:57:06]} Ne5 {[%clk 0:40:36]} 19. h4 {[%clk 0:54:37]} Qc6
{[%clk 0:35:39]} 20. b3 {[%clk 0:38:36]} Rae8 {[%clk 0:33:41]} 21. a4
{[%clk 0:38:12]} Nd7 {[%clk 0:26:03]} 22. g4 {[%clk 0:34:41]} Nc5
{[%clk 0:19:59]} 23. Nxf6+ {[%clk 0:28:02]} Rxf6 {[%clk 0:20:28]} 24. b4
{[%clk 0:27:29]} Ne4 {[%clk 0:13:44]} 25. Rh2 {[%clk 0:23:39]} Ref8
{[%clk 0:08:18]} 26. b5 {[%clk 0:16:45]} Qa8 {[%clk 0:08:41]} 27. g5
{[%clk 0:16:35]} Rxf4 {[%clk 0:06:49]} 28. exf4 {[%clk 0:17:03]} Rxf4
{[%clk 0:07:18]} 29. h5 {[%clk 0:13:27]} Qf8 {[%clk 0:01:38]} 30. f3
{[%clk 0:11:07]} Nxg5 {[%clk 0:01:23]} 31. hxg6 {[%clk 0:10:30]} h6
{[%clk 0:01:47]} 32. Rdh1 {[%clk 0:09:17]} Qf6 {[%clk 0:02:09]} 33. Kb1
{[%clk 0:08:03]} Rxf3 {[%clk 0:02:16]} 34. g7 {[%clk 0:06:00]} Kxg7
{[%clk 0:01:47]} 35. Ka2 {[%clk 0:04:02]} Qf4 {[%clk 0:01:23]} 36. Re2
{[%clk 0:01:33]} e5 {[%clk 0:01:26]} 37. Rg1 {[%clk 0:01:47]} Qd4
{[%clk 0:01:28]} 38. Rd1 {[%clk 0:01:09]} Rc3 {[%clk 0:00:58]} 39. Rxd4
{[%clk 0:01:33]} Rxc2+ {[%clk 0:01:27]} 40. Rxc2 {[%clk 0:01:59]} exd4
{[%clk 0:01:51]} 41. Kb3 {[%clk 0:01:33]} Ne6 {[%clk 0:01:26]} 42. Rg2+
{[%clk 0:01:43]} Kf6 {[%clk 0:01:31]} 43. Kc2 {[%clk 0:01:56]} Ke5
{[%clk 0:01:34]} 44. Rh2 {[%clk 0:02:07]} Nc5 {[%clk 0:01:13]} 45. Rxh6
{[%clk 0:01:59]} Nxa4 {[%clk 0:01:14]} 46. Rh5+ {[%clk 0:02:24]} Ke4
{[%clk 0:01:27]} 47. Rh4+ {[%clk 0:02:51]} Ke5 {[%clk 0:01:24]} 48. Rh5+
{[%clk 0:03:16]} 1/2-1/2

[Event "EYCC 2024 - O16"]
[Site "?"]
[Date "2024.08.28"]
[Round "6.6"]
[White "Cnejev, Vladimir-Alexandru"]
[Black "Radu, David Cr."]
[Result "0-1"]
[BlackElo "2159"]
[WhiteElo "2343"]
[LiveChessVersion "1.4.8"]

1. e4 {[%clk 1:26:46]} c6 {[%clk 1:30:07]} 2. d4 {[%clk 1:25:03]} d5
{[%clk 1:30:30]} 3. e5 {[%clk 1:25:17]} Bf5 {[%clk 1:30:42]} 4. Nd2
{[%clk 1:19:12]} e6 {[%clk 1:28:18]} 5. Nb3 {[%clk 1:18:57]} Nd7 {[%clk 1:22:36]}
6. Nf3 {[%clk 1:17:21]} h5 {[%clk 1:04:26]} 7. Be2 {[%clk 1:03:14]} Be7
{[%clk 0:58:15]} 8. O-O {[%clk 0:48:03]} h4 {[%clk 0:39:54]} 9. Ne1
{[%clk 0:33:36]} a5 {[%clk 0:36:23]} 10. a4 {[%clk 0:33:54]} Qb6 {[%clk 0:36:22]}
11. Be3 {[%clk 0:25:02]} Nh6 {[%clk 0:31:16]} 12. c4 {[%clk 0:22:33]} Bg6
{[%clk 0:26:47]} 13. cxd5 {[%clk 0:21:42]} exd5 {[%clk 0:25:11]} 14. Bxh6
{[%clk 0:20:59]} Rxh6 {[%clk 0:24:41]} 15. Bd3 {[%clk 0:17:31]} Bh5
{[%clk 0:23:23]} 16. Qc2 {[%clk 0:17:49]} Nf8 {[%clk 0:23:18]} 17. Bf5
{[%clk 0:14:16]} Ne6 {[%clk 0:22:19]} 18. Bxe6 {[%clk 0:14:19]} fxe6
{[%clk 0:22:30]} 19. Nd3 {[%clk 0:12:39]} Bg6 {[%clk 0:22:24]} 20. Qc3
{[%clk 0:12:42]} Bf5 {[%clk 0:07:59]} 21. Nd2 {[%clk 0:06:45]} Kf7
{[%clk 0:03:55]} 22. f3 {[%clk 0:05:49]} Qa6 {[%clk 0:03:11]} 23. Nc5
{[%clk 0:05:55]} Qa7 {[%clk 0:03:19]} 24. Rfd1 {[%clk 0:04:49]} b6
{[%clk 0:03:39]} 25. Nd3 {[%clk 0:05:10]} c5 {[%clk 0:03:35]} 26. Nf1
{[%clk 0:02:12]} Bxd3 {[%clk 0:00:42]} 27. Qxd3 {[%clk 0:02:27]} cxd4
{[%clk 0:01:11]} 28. Kh1 {[%clk 0:02:04]} Bc5 {[%clk 0:01:21]} 29. Nd2
{[%clk 0:02:06]} Kg8 {[%clk 0:01:22]} 30. Nb3 {[%clk 0:01:59]} Qf7
{[%clk 0:01:51]} 31. Rac1 {[%clk 0:01:44]} Rh5 {[%clk 0:00:36]} 32. Nxc5
{[%clk 0:01:45]} bxc5 {[%clk 0:01:05]} 33. Rxc5 {[%clk 0:02:06]} h3
{[%clk 0:01:00]} 34. Rc2 {[%clk 0:00:37]} Rxe5 {[%clk 0:00:36]} 35. Rdc1
{[%clk 0:00:36]} Rf8 {[%clk 0:00:33]} 36. Qxd4 {[%clk 0:00:35]} Rf5
{[%clk 0:00:45]} 37. Rg1 {[%clk 0:00:31]} Rxf3 {[%clk 0:00:46]} 38. Qg4
{[%clk 0:00:31]} Rf1 {[%clk 0:00:32]} 39. Rc1 {[%clk 0:00:34]} Rxc1
{[%clk 0:00:48]} 0-1

[Event "EYCC 2024 - O16"]
[Site "?"]
[Date "2024.08.28"]
[Round "6.7"]
[White "Hauchamps, Maxime"]
[Black "Von Mettenheim, Johannes"]
[Result "1-0"]
[BlackElo "2340"]
[WhiteElo "2157"]
[LiveChessVersion "1.4.8"]

1. d4 {[%clk 1:30:57]} Nf6 {[%clk 1:30:56]} 2. c4 {[%clk 1:31:21]} e6
{[%clk 1:31:23]} 3. Nf3 {[%clk 1:31:47]} d5 {[%clk 1:31:50]} 4. g3
{[%clk 1:32:13]} Be7 {[%clk 1:32:17]} 5. Bg2 {[%clk 1:32:37]} O-O
{[%clk 1:32:42]} 6. O-O {[%clk 1:32:59]} dxc4 {[%clk 1:33:10]} 7. Qc2
{[%clk 1:33:06]} b5 {[%clk 1:33:36]} 8. a4 {[%clk 1:33:20]} b4 {[%clk 1:34:01]}
9. Ne5 {[%clk 1:32:12]} Qxd4 {[%clk 1:34:25]} 10. Bxa8 {[%clk 1:32:40]} Qxe5
{[%clk 1:34:47]} 11. Bf4 {[%clk 1:33:04]} Qh5 {[%clk 1:35:11]} 12. Bf3
{[%clk 1:33:29]} Ng4 {[%clk 1:35:37]} 13. Bxg4 {[%clk 1:33:54]} Qxg4
{[%clk 1:36:02]} 14. Qxc4 {[%clk 1:34:15]} e5 {[%clk 1:35:15]} 15. Qxc7
{[%clk 1:34:40]} exf4 {[%clk 1:35:42]} 16. Qxe7 {[%clk 1:35:04]} fxg3
{[%clk 1:36:06]} 17. Nd2 {[%clk 1:35:24]} Nc6 {[%clk 1:36:26]} 18. Qe4
{[%clk 1:33:23]} gxh2+ {[%clk 1:36:13]} 19. Kh1 {[%clk 1:30:44]} Qd7
{[%clk 1:36:27]} 20. Qf4 {[%clk 1:19:15]} Ba6 {[%clk 1:30:25]} 21. Ne4
{[%clk 1:15:09]} Bxe2 {[%clk 1:20:08]} 22. Nf6+ {[%clk 1:11:52]} gxf6
{[%clk 1:20:32]} 23. Rg1+ {[%clk 1:12:18]} hxg1=Q+ {[%clk 1:20:55]} 24. Rxg1+
{[%clk 1:12:44]} Bg4 {[%clk 1:21:10]} 25. Rxg4+ {[%clk 1:13:10]} Qxg4
{[%clk 1:21:37]} 26. Qxg4+ {[%clk 1:13:33]} Kh8 {[%clk 1:22:02]} 27. Qf3
{[%clk 1:11:10]} Rc8 {[%clk 1:22:16]} 28. Qf5 {[%clk 1:11:27]} Rc7
{[%clk 1:22:11]} 29. Qxf6+ {[%clk 1:10:54]} Kg8 {[%clk 1:22:37]} 30. Qd6
{[%clk 1:11:18]} 1-0

[Event "EYCC 2024 - O16"]
[Site "?"]
[Date "2024.08.28"]
[Round "6.8"]
[White "Kozlovic, Jernej"]
[Black "Csernyik, Mark"]
[Result "1-0"]
[BlackElo "2129"]
[WhiteElo "2334"]
[LiveChessVersion "1.4.8"]

1. e4 {[%clk 1:30:57]} c5 {[%clk 1:30:57]} 2. Nf3 {[%clk 1:31:01]} d6
{[%clk 1:31:22]} 3. Bb5+ {[%clk 1:31:17]} Bd7 {[%clk 1:31:46]} 4. Bxd7+
{[%clk 1:31:30]} Qxd7 {[%clk 1:32:09]} 5. c4 {[%clk 1:31:21]} Nc6
{[%clk 1:32:30]} 6. Nc3 {[%clk 1:31:43]} g6 {[%clk 1:32:50]} 7. d4
{[%clk 1:32:03]} cxd4 {[%clk 1:33:14]} 8. Nxd4 {[%clk 1:32:23]} Bg7
{[%clk 1:33:40]} 9. Be3 {[%clk 1:32:42]} Nf6 {[%clk 1:33:52]} 10. f3
{[%clk 1:32:42]} O-O {[%clk 1:34:14]} 11. O-O {[%clk 1:32:00]} a6
{[%clk 1:34:22]} 12. Qd3 {[%clk 1:30:14]} Rfc8 {[%clk 1:32:58]} 13. b3
{[%clk 1:29:32]} b5 {[%clk 1:32:36]} 14. cxb5 {[%clk 1:28:37]} Ne5
{[%clk 1:30:40]} 15. Qd2 {[%clk 1:28:34]} axb5 {[%clk 1:29:17]} 16. Ndxb5
{[%clk 1:24:07]} e6 {[%clk 1:20:04]} 17. Rad1 {[%clk 1:10:00]} d5
{[%clk 1:18:31]} 18. exd5 {[%clk 1:08:18]} Nxd5 {[%clk 1:18:20]} 19. Nxd5
{[%clk 1:07:50]} exd5 {[%clk 1:17:49]} 20. a4 {[%clk 1:07:30]} Qe7
{[%clk 1:09:29]} 21. Qxd5 {[%clk 1:04:51]} Rd8 {[%clk 1:09:09]} 22. Qc5
{[%clk 0:58:43]} Qh4 {[%clk 1:07:16]} 23. Nd6 {[%clk 0:47:58]} Qh5
{[%clk 1:02:41]} 24. f4 {[%clk 0:41:51]} Ng4 {[%clk 1:02:15]} 25. Qxh5
{[%clk 0:42:13]} gxh5 {[%clk 1:02:43]} 26. Bb6 {[%clk 0:41:53]} Rdb8
{[%clk 1:02:42]} 27. a5 {[%clk 0:41:39]} Rxb6 {[%clk 1:02:02]} 28. axb6
{[%clk 0:42:00]} Ne3 {[%clk 1:02:22]} 29. b7 {[%clk 0:42:02]} Rd8
{[%clk 1:01:16]} 30. Rc1 {[%clk 0:39:26]} Nxf1 {[%clk 1:01:33]} 31. Rc8
{[%clk 0:39:49]} 1-0

[Event "EYCC 2024 - O16"]
[Site "?"]
[Date "2024.08.28"]
[Round "6.9"]
[White "Toktomushev, Teimur"]
[Black "Lyakh, Vasiliy"]
[Result "1/2-1/2"]
[BlackElo "2115"]
[WhiteElo "2279"]
[LiveChessVersion "1.4.8"]

1. d4 Nf6 {[%clk 1:30:56]} 2. c4 {[%clk 1:31:12]} e6 {[%clk 1:31:22]} 3. Nf3
{[%clk 1:31:20]} d5 {[%clk 1:31:47]} 4. Nc3 {[%clk 1:31:31]} dxc4
{[%clk 1:32:12]} 5. e4 {[%clk 1:31:00]} b5 {[%clk 1:32:34]} 6. e5
{[%clk 1:31:13]} Nd5 {[%clk 1:33:03]} 7. Nxb5 {[%clk 1:31:19]} Nb6
{[%clk 1:33:32]} 8. Nc3 {[%clk 1:20:15]} Nc6 {[%clk 1:25:48]} 9. Be3
{[%clk 1:19:49]} Be7 {[%clk 1:25:36]} 10. Be2 {[%clk 1:11:07]} O-O
{[%clk 1:25:59]} 11. h4 {[%clk 1:03:58]} Nb4 {[%clk 1:19:04]} 12. Qd2
{[%clk 0:43:51]} Ba6 {[%clk 1:13:47]} 13. Rh3 {[%clk 0:30:37]} Nd3+
{[%clk 0:57:36]} 14. Kf1 {[%clk 0:29:11]} c5 {[%clk 0:44:33]} 15. Rg3
{[%clk 0:12:26]} f5 {[%clk 0:40:28]} 16. exf6 {[%clk 0:08:34]} Bxf6
{[%clk 0:40:57]} 17. dxc5 {[%clk 0:05:42]} Nd5 {[%clk 0:40:48]} 18. Bg5
{[%clk 0:03:42]} Nxb2 {[%clk 0:16:07]} 19. Bxf6 {[%clk 0:02:46]} Qxf6
{[%clk 0:16:24]} 20. Nxd5 {[%clk 0:01:31]} exd5 {[%clk 0:16:48]} 21. Qxd5+
{[%clk 0:01:58]} Kh8 {[%clk 0:16:54]} 22. Qe5 {[%clk 0:00:38]} Rfc8
{[%clk 0:10:38]} 23. Rc1 {[%clk 0:00:33]} Qxe5 {[%clk 0:08:52]} 24. Nxe5
{[%clk 0:00:59]} Rxc5 {[%clk 0:09:18]} 25. Nf7+ {[%clk 0:00:35]} Kg8
{[%clk 0:09:47]} 26. Nh6+ 1/2-1/2

[Event "EYCC 2024 - O16"]
[Site "?"]
[Date "2024.08.28"]
[Round "6.10"]
[White "Gut, Lionel"]
[Black "Juhanak, Daniel"]
[Result "1/2-1/2"]
[BlackElo "2047"]
[WhiteElo "2252"]
[LiveChessVersion "1.4.8"]

1. d4 {[%clk 1:30:54]} Nf6 {[%clk 1:30:48]} 2. c4 {[%clk 1:31:20]} e6
{[%clk 1:31:06]} 3. Nc3 {[%clk 1:31:47]} Bb4 {[%clk 1:31:17]} 4. e3
{[%clk 1:32:12]} O-O {[%clk 1:30:59]} 5. Bd2 {[%clk 1:32:37]} d5 {[%clk 1:30:54]}
6. Nf3 {[%clk 1:33:00]} b6 {[%clk 1:30:49]} 7. cxd5 {[%clk 1:33:26]} exd5
{[%clk 1:31:07]} 8. Bd3 {[%clk 1:33:46]} c5 {[%clk 1:29:32]} 9. dxc5
{[%clk 1:20:14]} bxc5 {[%clk 1:28:27]} 10. O-O {[%clk 1:20:11]} Bg4
{[%clk 1:21:30]} 11. a3 {[%clk 1:13:46]} Ba5 {[%clk 1:20:30]} 12. h3
{[%clk 1:11:49]} Bh5 {[%clk 1:18:55]} 13. Be2 {[%clk 1:04:44]} Nc6
{[%clk 1:13:47]} 14. Qa4 {[%clk 1:02:28]} Rc8 {[%clk 1:08:59]} 15. Rfd1
{[%clk 0:57:30]} Bc7 {[%clk 0:55:54]} 16. Rac1 {[%clk 0:55:31]} Qe7
{[%clk 0:45:57]} 17. Re1 {[%clk 0:47:14]} Rfd8 {[%clk 0:44:42]} 18. g4
{[%clk 0:37:04]} Bg6 {[%clk 0:42:22]} 19. Ba6 {[%clk 0:37:13]} Be4
{[%clk 0:32:15]} 20. Nxe4 {[%clk 0:28:37]} dxe4 {[%clk 0:31:47]} 21. Bxc8
{[%clk 0:28:37]} Rxc8 {[%clk 0:22:08]} 22. Nh2 {[%clk 0:28:08]} Bxh2+
{[%clk 0:18:14]} 23. Kxh2 {[%clk 0:28:32]} Nxg4+ {[%clk 0:06:08]} 24. hxg4
{[%clk 0:25:26]} Qh4+ {[%clk 0:06:29]} 25. Kg2 {[%clk 0:25:54]} Qxg4+
{[%clk 0:06:49]} 26. Kf1 {[%clk 0:26:09]} Qh3+ {[%clk 0:05:22]} 27. Ke2
{[%clk 0:21:43]} Qf3+ {[%clk 0:04:26]} 28. Kf1 {[%clk 0:22:04]} Qh1+
{[%clk 0:04:55]} 29. Ke2 {[%clk 0:22:29]} Qf3+ {[%clk 0:05:23]} 30. Kf1
{[%clk 0:22:55]} Qh1+ {[%clk 0:02:18]} 1/2-1/2

[Event "EYCC 2024 - O16"]
[Site "?"]
[Date "2024.08.28"]
[Round "6.11"]
[White "Berin, Artem"]
[Black "Ostrovsky Berman, Noam"]
[Result "1-0"]
[BlackElo "2098"]
[WhiteElo "2237"]
[LiveChessVersion "1.4.8"]

1. d4 {[%clk 1:30:54]} Nf6 {[%clk 1:30:54]} 2. c4 {[%clk 1:31:18]} g6
{[%clk 1:31:19]} 3. Nc3 {[%clk 1:31:42]} Bg7 {[%clk 1:31:27]} 4. e4
{[%clk 1:32:02]} d6 {[%clk 1:31:52]} 5. Be2 {[%clk 1:32:27]} O-O {[%clk 1:32:16]}
6. Be3 {[%clk 1:32:52]} Na6 {[%clk 1:32:17]} 7. Nf3 {[%clk 1:32:44]} e5
{[%clk 1:32:24]} 8. O-O {[%clk 1:32:47]} Qe7 {[%clk 1:31:41]} 9. dxe5
{[%clk 1:29:55]} dxe5 {[%clk 1:32:04]} 10. Nd5 {[%clk 1:30:05]} Qd8
{[%clk 1:31:17]} 11. Qc2 {[%clk 1:28:02]} Ng4 {[%clk 1:31:29]} 12. Bg5
{[%clk 1:25:03]} f6 {[%clk 1:31:05]} 13. Bd2 {[%clk 1:24:59]} c6 {[%clk 1:31:20]}
14. Nc3 {[%clk 1:25:13]} Qe7 {[%clk 1:31:24]} 15. h3 {[%clk 1:24:11]} Nh6
{[%clk 1:31:45]} 16. Rfd1 {[%clk 1:23:43]} Nf7 {[%clk 1:29:36]} 17. Na4
{[%clk 1:21:16]} Nc7 {[%clk 1:18:44]} 18. c5 {[%clk 1:18:09]} g5 {[%clk 1:06:37]}
19. Be3 {[%clk 1:13:06]} Nh8 {[%clk 1:01:09]} 20. b4 {[%clk 1:11:51]} Ng6
{[%clk 0:58:06]} 21. Nb2 {[%clk 1:09:36]} h6 {[%clk 0:40:28]} 22. Nc4
{[%clk 1:06:59]} Ne6 {[%clk 0:38:51]} 23. Nd6 {[%clk 1:05:40]} Nef4
{[%clk 0:34:08]} 24. Bf1 {[%clk 1:05:00]} h5 {[%clk 0:26:34]} 25. Nf5
{[%clk 1:02:17]} Qf7 {[%clk 0:25:43]} 26. g3 {[%clk 1:02:12]} g4 {[%clk 0:23:25]}
27. hxg4 {[%clk 1:01:57]} hxg4 {[%clk 0:23:50]} 28. Nh2 {[%clk 1:01:33]} Nh3+
{[%clk 0:22:11]} 29. Kg2 {[%clk 1:01:28]} Ng5 {[%clk 0:09:32]} 30. Nxg4
{[%clk 1:00:59]} Bxf5 {[%clk 0:07:21]} 31. exf5 {[%clk 1:01:15]} Nh4+
{[%clk 0:06:17]} 32. gxh4 {[%clk 1:01:30]} Qh5 {[%clk 0:06:43]} 33. Be2
{[%clk 1:01:13]} 1-0